Skip to main content
Your cart is empty.
Your lists
Log in to create your own lists
Your cookies
العربية
English
العربية
Home
Search
Advanced search
Authority search
About
The noble scholar, jurist, historian
His Excellency Dr. Abdul Wahhab bin Ibrahim Abu Sulaiman, may Allah have mercy on him.
He was born in Umm Al-Qura in the year 1356 AH.
Library catalog
Title
Author
Subject
ISBN
ISSN
Series
Call number
Log in to your account
×
Login:
Password:
Home
MARC view: تفسير سورة الإخلاص وتقاييد أخرى في علم التفسير =
Normal view
MARC view
ISBD view
تفسير سورة الإخلاص وتقاييد أخرى في علم التفسير = (Record no. 2429)
[
view plain
]
MARC details
000 -LEADER
fixed length control field
01512cam a22003371i 4500
003 - CONTROL NUMBER IDENTIFIER
control field
SA-RiAUC
005 - DATE AND TIME OF LATEST TRANSACTION
control field
20241117133202.0
008 - FIXED-LENGTH DATA ELEMENTS--GENERAL INFORMATION
fixed length control field
241116s2009 mr g b 001 0 ara c
020 ## - INTERNATIONAL STANDARD BOOK NUMBER
International Standard Book Number
9981030007
040 ## - CATALOGING SOURCE
Original cataloging agency
MA-HhKAF
Language of cataloging
ara
Transcribing agency
SA-RiAUC.
Description conventions
rda
072 #7 - SUBJECT CATEGORY CODE
Subject category code
MAI
082 04 - DEWEY DECIMAL CLASSIFICATION NUMBER
Classification number
227.3
Assigning agency
SA-RiAUC
090 ## - LOCALLY ASSIGNED LC-TYPE CALL NUMBER (OCLC); LOCAL CALL NUMBER (RLIN)
Classification number (OCLC) (R) ; Classification number, CALL (RLIN) (NR)
227.3
Local cutter number (OCLC) ; Book number/undivided call number, CALL (RLIN)
ح ج و
100 1# - MAIN ENTRY--PERSONAL NAME
Personal name
الحجوي، محمد بن الحسن بن العربي،
Dates associated with a name
1874-1956
Relator term
مؤلف.
245 10 - TITLE STATEMENT
Title
تفسير سورة الإخلاص وتقاييد أخرى في علم التفسير =
Medium
Tafsir sourate al Ikhlaç wa taqayid oukhra fi'ilm at tafsir /
Statement of responsibility, etc.
محمد بن الحسن الحجوي الثعالبي الفاسي ؛ دراسة وتحقيق إبراهيم الوافي.
246 31 - VARYING FORM OF TITLE
Title proper/short title
Tafsir sourate al Ikhlaç wa taqayid oukhra fi'ilm at tafsir
264 #1 - PRODUCTION, PUBLICATION, DISTRIBUTION, MANUFACTURE, AND COPYRIGHT NOTICE
Place of production, publication, distribution, manufacture
الرباط :
Name of producer, publisher, distributor, manufacturer
مركز الدراسات والأبحاث وإحياء التراث،
Date of production, publication, distribution, manufacture, or copyright notice
2009
300 ## - PHYSICAL DESCRIPTION
Extent
257 صفحة ؛
Dimensions
25 سم.
336 ## - CONTENT TYPE
Content type term
نص
Content type code
txt
Source
rdacontent
Materials specified
كتاب
337 ## - MEDIA TYPE
Media type term
بدون وسيط
Media type code
n
Source
rdamedia
338 ## - CARRIER TYPE
Carrier type term
مجلد
Carrier type code
nc
Source
rdacarrier
490 0# - SERIES STATEMENT
Series statement
نوادر التراث ؛
Volume/sequential designation
8
500 ## - GENERAL NOTE
General note
غلاف مصور.
500 ## - GENERAL NOTE
General note
يشتمل على كشافات.
504 ## - BIBLIOGRAPHY, ETC. NOTE
Bibliography, etc. note
ببليوجرافية : صفحة 237-253.
630 27 - SUBJECT ADDED ENTRY--UNIFORM TITLE
Uniform title
القرآن.
Name of part/section of a work
سورة الإخلاص
General subdivision
تفاسير
Source of heading or term
aucut
700 1# - ADDED ENTRY--PERSONAL NAME
Personal name
الوافي، إبراهيم،
Dates associated with a name
1954-
Relator term
محقق.
730 22 - ADDED ENTRY--UNIFORM TITLE
Uniform title
القرآن.
942 ## - ADDED ENTRY ELEMENTS (KOHA)
Source of classification or shelving scheme
Dewey Decimal Classification
Koha item type
Books
Suppress in OPAC
No
949 ## - LOCAL PROCESSING INFORMATION (OCLC)
a
SA-JeALM
d
241116
u
mohamedma123
n
1
Holdings
Withdrawn status
Lost status
Source of classification or shelving scheme
Damaged status
Not for loan
Home library
Current library
Date acquired
Total checkouts
Full call number
Barcode
Date last seen
Price effective from
Koha item type
Dewey Decimal Classification
DR AbdElwahab Library
DR AbdElwahab Library
11/17/2024
227.3 ح ج و
000003787
11/17/2024
11/17/2024
Books
Place hold
Print
Add to your cart
(remove)
Save record
BIBTEX
Dublin Core
MARCXML
MARC (non-Unicode/MARC-8)
MARC (Unicode/UTF-8)
MARC (Unicode/UTF-8, Standard)
MODS (XML)
RIS
ISBD
More searches
Search for this title in:
Other Libraries (WorldCat)
Other Databases (Google Scholar)
Online Stores (Bookfinder.com)
Open Library (openlibrary.org)
Exporting to Dublin Core...
×
Simple DC-RDF
OAI-DC
SRW-DC